Detalles MARC
| 000 -CABECERA |
| campo de control de longitud fija |
01305nam a22002657a 4500 |
| 003 - IDENTIFICADOR DEL NÚMERO DE CONTROL |
| campo de control |
OSt |
| 005 - FECHA Y HORA DE LA ÚLTIMA TRANSACCIÓN |
| campo de control |
20220531084008.0 |
| 007 - CAMPO FIJO DE DESCRIPCIÓN FÍSICA--INFORMACIÓN GENERAL |
| campo de control de longitud fija |
ta |
| 008 - DATOS DE LONGITUD FIJA--INFORMACIÓN GENERAL |
| campo de control de longitud fija |
210118b2018 dr ||||| |||| 001 0dspa d |
| 020 ## - NÚMERO INTERNACIONAL ESTÁNDAR DEL LIBRO |
| Número Internacional Estándar del Libro |
9788409017959 |
| 040 ## - FUENTE DE LA CATALOGACIÓN |
| Centro catalogador/agencia de origen |
DO-SdBNP |
| Lengua de catalogación |
spa |
| Centro/agencia transcriptor |
BNPHU |
| Centro/agencia modificador |
BNPHU |
| 041 ## - CÓDIGO DE LENGUA |
| Código de lengua original |
spa |
| 082 #4 - NÚMERO DE LA CLASIFICACIÓN DECIMAL DEWEY |
| Número de clasificación |
BNPHU |
| Número de documento/Ítem |
A795a |
| 100 1# - ENTRADA PRINCIPAL--NOMBRE DE PERSONA |
| 9 (RLIN) |
25165 |
| Nombre de persona |
Arvelo, Alejandro, |
| Fechas asociadas al nombre |
1959- |
| 245 10 - MENCIÓN DE TÍTULO |
| Título |
Aristóteles o la precisión : |
| Resto del título |
apuntes a la pasión del que nombra. / |
| Mención de responsabilidad, etc. |
Daniel Tejada , dirección y coordinación |
| 300 ## - DESCRIPCIÓN FÍSICA |
| Extensión |
71 p. ; |
| Dimensiones |
20 cm |
| 490 1# - MENCIÓN DE SERIE |
| Mención de serie |
Ensayo. |
| 500 ## - NOTA GENERAL |
| Nota general |
Incluye datos biográficos del autor . |
| 504 ## - NOTA DE BIBLIOGRAFÍA, ETC. |
| Nota de bibliografía, etc. |
Bibliografía : p. 69-71 |
| 505 1# - NOTA DE CONTENIDO CON FORMATO |
| Nota de contenido con formato |
El imperialismo de precisión, ¿un requerimiento táctico para filosofar? : |
| Título |
I. la propiedad y la exactitud, normas de hechos en Aristóteles.<br/>II. la lengua, ¿medio o causa eficiente del pensamiento?<br/>II. retórica, pensamiento e imperativo de precisión.<br/>IV. la delimitación rigurosa de matices, vínculo intangible entre lógica y retórica.<br/>V. modos, utilidad y conciencia del valor hermenéutico de la precisión terminológica en Aristóteles. |
| 505 1# - NOTA DE CONTENIDO CON FORMATO |
| Nota de contenido con formato |
Precisión como método y como reserva crítica de la humanidad en las actuales circunstancias. |
| 505 1# - NOTA DE CONTENIDO CON FORMATO |
| Nota de contenido con formato |
Bibliografía. |
| 710 1# - PUNTO DE ACCESO ADICIONAL--NOMBRE DE ENTIDAD CORPORATIVA |
| Nombre de entidad corporativa o nombre de jurisdicción como elemento de entrada |
Tejada, Daniel, |
| Término indicativo de función/relación |
coord. |
| 9 (RLIN) |
77691 |
| 942 ## - ELEMENTOS DE PUNTO DE ACCESO ADICIONAL (KOHA) |
| Fuente del sistema de clasificación o colocación |
Dewey Decimal Classification |
| Tipo de ítem Koha |
Libro |